| 000 | 00579nam a22001937a 4500 | ||
|---|---|---|---|
| 999 |
_c172290 _d172290 |
||
| 005 | 20200131111132.0 | ||
| 010 | _aENG-127582 | ||
| 020 |
_a9788194006633 _c895.00 |
||
| 035 | _aEN-111114 | ||
| 037 | _bDBAD/PUB | ||
| 082 | _a355.00954 | ||
| 100 | _aShahi,R.C | ||
| 245 |
_aHistory of Indian Army by R.C. Shahi / _cby R.C. Shahi |
||
| 260 |
_aNew Delhi _bAkashdeep _c2019 |
||
| 270 |
_bNew Delhi _a1/1079 E,Mehrauli _e11000 |
||
| 300 |
_a236p. _b22 cm(hb) |
||
| 500 | _ainclude Bibliographical references and index | ||
| 942 |
_2ddc _cEN _h355.00954 _mSHA |
||